000 01065nam a2200301Ia 4500
005 20220317001039.0
008 160825s2008 sp a g 000 0 spa
020 _a97884206374012
082 0 4 _a949.5
_2A73g
100 1 _aAsimov, Isaac
_d1920-1992
245 1 4 _aLos griegos
_buna gran aventura
_cIsaac Asimov ; traducido por Néstor Míguez
250 _a1a. edición
_b7a. reimpresión
300 _a329 páginas
_bilustraciones, mapas en blanco y negro
_c17 cm
490 _aEl libro de bolsillo
_phumanidades
500 _aIncluye cronología
534 _tThe greeks : A great adventure
650 1 4 _2LEMB
_aCivilización griega
650 1 4 _2LEMB
_aRoma
_xVida social y costumbres
651 4 _aGrecia
_xHistoria
_917227
651 4 _aGrecia
_xVida social y costumbres
_964864
700 1 _aMíguez, Néstor A.
_964865
942 _2ddc
_cBK
264 _aMadrid
_bAlianza
_c2008
336 _atexto
_btxt
_2rdacontent
337 _asin mediación
_bn
_2rdamedia
338 _avolumen
_bnc
_2rdacarrier
040 _aCO-BoRNBP
_bspa
_erda
_cCO-BoRNBP
999 _c5780
_d5780